Injection moulding materials (Record no. 36710)

MARC details
000 -LEADER
fixed length control field 00263nam a2200121Ia 4500
020 ## - INTERNATIONAL STANDARD BOOK NUMBER
ISBN 0-85334-993-2
082 ## - DEWEY DECIMAL CLASSIFICATION NUMBER
Item number WHE
100 ## - MAIN ENTRY--AUTHOR NAME
Personal name Whelan, A
245 #0 - TITLE STATEMENT
Title Injection moulding materials
260 ## - PUBLICATION, DISTRIBUTION, ETC. (IMPRINT)
Place of publication London
Name of publisher Applied Science
Year of publication 1982
300 ## - PHYSICAL DESCRIPTION
Number of Pages 398p.
942 ## - ADDED ENTRY ELEMENTS (KOHA)
Koha item type Books
Holdings
Withdrawn status Lost status Damaged status Not for loan Home library Current library Date acquired Full call number Accession Number Koha item type
        RRII Library RRII Library 16/12/2021 WHE 17111 Books
        RRII Library RRII Library 28/05/2025 WHE   Books